[Event "Campeonato de Aragón por Equipos 2008 "]
[Site "Aragón"]
[Date "2008.02.09"]
[Round "2.61"]
[White "Martin Catalan Juan Vicente"]
[Black "Villuendas Valero Adrian"]
[Result "0-1"]
[WhiteElo "2122"]
[BlackElo "2239"]

1.d4 Nf6 2.Nf3 g6 3.Bf4 d6 4.e3 Nh5 5.Bg5 h6 6.Bh4 g5 7.Bg3 Bg7 8.Be2 Nxg3 9.
hxg3 e5 10.c3 Nc6 11.Nbd2 O-O 12.Qc2 Re8 13.dxe5 dxe5 14.Bb5 Qe7 15.Rd1 Bd7
16.e4 Rad8 17.Nc4 Nb4 18.Qb3 Bxb5 19.Rxd8 Rxd8 20.cxb4 Qe6 21.Ncd2 Qa6 22.a3
Qd6 23.g4 c5 24.a4 Bd3 25.b5 c4 26.Qc3 Bxe4 27.O-O Bd3 28.Nxc4 Qe6 29.Rd1 e4
30.Qb3 Rc8 31.Na5 Qxb3 32.Nxb3 Bc2 33.Rc1 Bxb2 0-1

[Event "Campeonato de Aragón por Equipos 2008 "]
[Site "Aragón"]
[Date "2008.02.09"]
[Round "2.62"]
[White "Cebollada Pacheco Jesus Raul"]
[Black "Arpa Pardo Emilio"]
[Result "1-0"]
[WhiteElo "2002"]
[BlackElo "2050"]

1.e4 e5 2.Nf3 Nc6 3.Bb5 a6 4.Ba4 Nf6 5.d3 d6 6.c3 b5 7.Bc2 Be7 8.Nbd2 O-O 9.
O-O d5 10.Re1 d4 11.h3 Re8 12.Nf1 Bf8 13.cxd4 exd4 14.a3 h6 15.N3h2 Ne5 16.f4
Ng6 17.Ng3 c5 18.Nh5 Nxh5 19.Qxh5 Qh4 20.Qxh4 Nxh4 21.Bd2 Ng6 22.Bb3 Bd6 23.e5
Bc7 24.Bd5 Rb8 25.Rac1 Bb6 26.Ng4 Ne7 27.Be4 Bb7 28.Bxb7 Rxb7 29.Nf2 Rc8 30.
Ne4 Rc6 31.Kf1 Rbc7 32.b3 Ng6 33.g3 Nf8 34.a4 bxa4 35.bxa4 c4 36.dxc4 Rxc4 37.
Rxc4 Rxc4 38.Ra1 Nd7 39.Ke2 Rc2 40.Kd3 Rb2 41.Rc1 Ra2 42.Rc4 Ra3+ 43.Kc2 h5
44.Kb2 Rf3 45.h4 Kh7 1-0

[Event "Campeonato de Aragón por Equipos 2008 "]
[Site "Aragón"]
[Date "2008.02.09"]
[Round "2.63"]
[White "Barcena Francisco"]
[Black "Labena Bernal Antonio"]
[Result "0-1"]
[WhiteElo "1970"]
[BlackElo "1994"]

1.d4 d5 2.e4 dxe4 3.Nc3 Nf6 4.f3 exf3 5.Nxf3 Bg4 6.h3 Bh5 7.g4 Bg6 8.Ne5 Nfd7
9.Nxg6 hxg6 10.Qf3 c6 11.Bg5 Nf6 12.O-O-O e6 13.Bd3 Nbd7 14.Rhf1 Qa5 15.Bd2
Bb4 16.Kb1 Rf8 17.g5 Nd5 18.Ne4 Bxd2 19.Rxd2 Qb4 20.c4 Nc7 21.Qg3 O-O-O 22.
Rdf2 f5 23.gxf6 gxf6 24.a3 Qe7 25.Nd6+ Kb8 26.c5 g5 27.Bc4 Rh8 28.Re2 Qh7+ 29.
Ka1 Qxh3 30.Qe1 Rh4 31.Re3 Qg4 32.Qb4 b6 33.cxb6 Nxb6 34.Re4 Qg3 35.Rxh4 gxh4
36.Ne4 Qg4 37.Qe7 Re8 38.Qh7 Nxc4 39.Nxf6 Qe2 40.Rb1 Rd8 41.Qxh4 Qd2 42.Ne4
Qxd4 0-1

[Event "Campeonato de Aragón por Equipos 2008 "]
[Site "Aragón"]
[Date "2008.02.09"]
[Round "2.64"]
[White "Calvo Mayayo Jose Maria"]
[Black "Vicente Sanz Fernando"]
[Result "1/2-1/2"]
[WhiteElo "1945"]
[BlackElo "1938"]

1.c4 Nf6 2.Nc3 g6 3.e4 d6 4.d4 Bg7 5.g3 O-O 6.Bg2 e5 7.d5 Na6 8.Nge2 c5 9.O-O
Bd7 10.Nb5 Ne8 11.f4 f5 12.fxe5 Bxe5 13.Nec3 Nac7 14.Nxc7 Qxc7 15.Bh6 Rf7 16.
Bh3 Ng7 17.Bxg7 Kxg7 18.exf5 Bxf5 19.g4 Bd7 20.Rxf7+ Kxf7 21.Qd2 Kg7 22.Rf1
Re8 23.Kh1 Qc8 24.Qg2 g5 25.Ne4 h6 26.Ng3 Rf8 27.Nf5+ Bxf5 28.gxf5 Qd8 29.b3
Qa5 30.Bg4 Qc3 31.Qe2 Qb2 32.Qxb2 Bxb2 33.Re1 Be5 34.Kg2 a6 35.h3 Kf6 36.Rf1
b5 37.Be2 b4 38.Bg4 a5 39.Bd1 Bf4 40.Re1 Be5 41.Bc2 Rf7 42.Rf1 Re7 43.Re1 Rg7
44.Re4 h5 45.Kf3 Rg8 46.Bd3 Ra8 47.Bc2 Ra7 48.Re2 Rg7 49.Rg2 Re7 50.Be4 Rg7
51.Bc2 1/2-1/2

[Event "Campeonato de Aragón por Equipos 2008 "]
[Site "Aragón"]
[Date "2008.02.16"]
[Round "3.1"]
[White "Remiro Juste Fernando Jose"]
[Black "Fontana Sotomayour Luis Javier"]
[Result "0-1"]
[WhiteElo "2335"]
[BlackElo "2332"]

1.d4 d5 2.Nf3 Nc6 3.e3 Bg4 4.Be2 e6 5.b3 Bb4+ 6.c3 Bd6 7.O-O Nf6 8.c4 O-O 9.
Bb2 Ne4 10.Nc3 f5 11.Nb5 Bxf3 12.Bxf3 Be7 13.Bxe4 fxe4 14.f3 a6 15.Nc3 exf3
16.Rxf3 Bf6 17.Rh3 g6 18.Qg4 Qd6 19.Rd1 Rf7 20.Ne2 dxc4 21.Nf4 cxb3 22.axb3
Re8 23.Nxg6 Rg7 24.Qf3 Rxg6 {Tiempo} 0-1

[Event "Campeonato de Aragón por Equipos 2008 "]
[Site "Aragón"]
[Date "2008.02.16"]
[Round "3.2"]
[White "Antoli Royo Joaquin Miguel"]
[Black "Ramon Perez Jose Luis"]
[Result "1-0"]
[WhiteElo "2308"]
[BlackElo "2327"]

1.e4 c5 2.Nf3 g6 3.d4 Bg7 4.dxc5 Na6 5.Bc4 Qa5+ 6.c3 Qxc5 7.Na3 Nf6 8.Be3 Qh5
9.Nb5 d6 10.Nxa7 O-O 11.Nxc8 Raxc8 12.Be2 Qg4 13.Ng5 Qd7 14.e5 dxe5 15.Qxd7
Nxd7 16.Ne4 Ndc5 17.Nxc5 Nxc5 18.Rd1 Ne4 19.O-O Nd6 20.Rd5 Rc7 21.Bc5 Ne4 22.
Bb4 Rfc8 23.Rfd1 f5 24.Bb5 e6 25.Rd8+ Rxd8 26.Rxd8+ Kf7 27.Rb8 Bh6 28.Ba5 Rc5
29.Rxb7+ Kg8 30.c4 Nf6 31.Rb8+ Kf7 32.Bb6 1-0

[Event "Campeonato de Aragón por Equipos 2008 "]
[Site "Aragón"]
[Date "2008.02.16"]
[Round "3.3"]
[White "Mimbela Lopez Miguel Angel"]
[Black "Cortes Lizano Jesus"]
[Result "0-1"]
[WhiteElo "2217"]
[BlackElo "2247"]

1.e4 c5 2.Nf3 Nc6 3.Bb5 d6 4.d4 cxd4 5.Qxd4 e5 6.Qd3 h6 7.c4 Bd7 8.O-O Nf6 9.
Nc3 a6 10.Bxc6 bxc6 11.b3 Be7 12.h3 Qc7 13.Be3 O-O 14.Rfd1 Be6 15.Rac1 Qb8 16.
Qc2 Bd8 17.Rd2 Ba5 18.Rd3 Rd8 19.Rcd1 Bc7 20.R3d2 Qb7 21.Na4 Rac8 22.c5 d5 23.
exd5 cxd5 24.Re2 d4 25.Bc1 Bd5 26.Qf5 Be4 27.c6 Qxc6 28.Nxe5 Qxc1 29.Rxc1 Bxf5
30.Nc6 Bd6 0-1

[Event "Campeonato de Aragón por Equipos 2008 "]
[Site "Aragón"]
[Date "2008.02.16"]
[Round "3.4"]
[White "Maza Broto Pablo"]
[Black "Sanchez Herrera Miguel"]
[Result "1-0"]
[WhiteElo "1923"]
[BlackElo "2200"]

1.e4 c5 2.Nf3 Nc6 3.Bb5 Qb6 4.Bxc6 bxc6 5.O-O g6 6.Re1 d6 7.d4 Bg4 8.c3 cxd4
9.Qxd4 e5 10.Qd3 Rd8 11.c4 Bh6 12.Nbd2 Ne7 13.Nb3 Bxc1 14.Raxc1 O-O 15.h3 Bxf3
16.Qxf3 f5 17.c5 dxc5 18.Rxc5 Qb4 19.Qc3 Qxc3 20.bxc3 fxe4 21.c4 Rf5 22.g4 Rg5
23.Rxe4 Nf5 24.Kf1 Nd6 25.Re2 Rc8 26.Nd2 Nb7 27.Rcxe5 Rxe5 28.Rxe5 Kf7 29.Ke2
Kf6 30.f4 Nd6 31.Ke3 Rd8 32.c5 Nb5 33.Ne4+ Kf7 34.Ng5+ Kg8 35.f5 Nc3 36.Ne4
Nd5+ 37.Kf3 Nb4 38.f6 Rd3+ 39.Ke2 Rxh3 40.Nd6 Rh2+ 41.Kf3 Rf2+ 42.Kxf2 Nd3+
43.Kg3 Nxe5 44.Ne4 h6 45.Kf4 Nd7 46.g5 h5 47.a3 Kf7 48.Nd6+ Kf8 49.Nc8 a6 50.
Ne7 Nxc5 51.Nxg6+ Kf7 52.Ne5+ Ke6 53.f7 Ke7 54.g6 Ne6+ 55.Kf5 Ng7+ 56.Kg5 c5
57.Kh6 Ne6 58.g7 1-0

[Event "Campeonato de Aragón por Equipos 2008 "]
[Site "Aragón"]
[Date "2008.02.16"]
[Round "3.5"]
[White "Adla Diego Gustavo"]
[Black "Garza Marco Sergio"]
[Result "0-1"]
[WhiteElo "2491"]
[BlackElo "2373"]

1.c4 e5 2.g3 Nc6 3.Bg2 g6 4.Nc3 Bg7 5.Nf3 d6 6.O-O f5 7.d3 Nf6 8.Rb1 a5 9.a3
h6 10.b4 axb4 11.axb4 O-O 12.Nd2 Rb8 13.b5 Ne7 14.Qb3 Be6 15.Nd5 g5 16.Ba3 b6
17.Bb2 Rc8 18.Ra1 Nd7 19.Ra7 Nc5 20.Qb4 f4 21.Nxe7+ Qxe7 22.Ne4 f3 23.Bxf3
Nxd3 24.exd3 Rxf3 25.Qd2 Qd7 26.Qc2 d5 27.Nd2 Rf7 28.f3 Rcf8 29.Rfa1 dxc4 30.
dxc4 g4 31.Rd1 Rd8 32.Raa1 Qe7 33.Ba3 Qg5 34.f4 exf4 35.Ne4 Rxd1+ 36.Rxd1 Qg6
37.Qe2 Kh7 38.Nf2 fxg3 39.hxg3 Rf3 0-1

[Event "Campeonato de Aragón por Equipos 2008 "]
[Site "Aragón"]
[Date "2008.02.16"]
[Round "3.6"]
[White "Lamas Mercadal Manuel"]
[Black "Glavina Rossi Pablo"]
[Result "1/2-1/2"]
[WhiteElo "2246"]
[BlackElo "2459"]

1.e4 c5 2.Nf3 Nc6 3.d4 cxd4 4.Nxd4 Nf6 5.Nc3 e5 6.Ndb5 d6 7.Bg5 a6 8.Na3 b5 9.
Bxf6 gxf6 10.Nd5 f5 11.c3 Bg7 12.Bd3 Be6 13.Nc2 O-O 14.Nce3 fxe4 15.Bxe4 f5
16.Bc2 f4 17.Qh5 Rf7 18.Bxh7+ Kf8 19.Bf5 Qe8 20.Bxe6 Qxe6 21.Qg4 Qh6 22.Nf5
Qe6 23.Nfe3 Qh6 24.Nf5 1/2-1/2

[Event "Campeonato de Aragón por Equipos 2008 "]
[Site "Aragón"]
[Date "2008.02.16"]
[Round "3.7"]
[White "Gomez Anadon Daniel"]
[Black "Llanes Luno Ricardo"]
[Result "1-0"]
[WhiteElo "2315"]
[BlackElo "2233"]

1.c4 e5 2.g3 d6 3.Bg2 c6 4.Nc3 Be6 5.d3 Qc8 6.e4 Be7 7.f4 exf4 8.Bxf4 Nf6 9.
Nf3 Na6 10.O-O Nc7 11.Nd4 Bg4 12.Bf3 Bh3 13.Nf5 Bxf5 14.exf5 Qd7 15.g4 h6 16.
d4 d5 17.Qb3 O-O 18.Qxb7 Bd6 19.Bxd6 Qxd6 20.c5 Qf4 21.Ne2 Qe3+ 22.Kg2 Nb5 23.
Rad1 Rab8 24.Qxc6 Nxd4 25.Rxd4 Rxb2 26.Qa4 Rfb8 27.Qd1 R8b4 28.Rxb4 Rxb4 29.
Qc1 Qe7 30.Nf4 Rc4 31.Qd2 Qxc5 32.Rf2 Ne4 33.Bxe4 dxe4 34.Qd5 Qb4 35.Ng6 Rc8
36.Ne5 e3 37.Re2 Rc5 38.Qxf7+ Kh7 39.Qg6+ Kg8 40.f6 Qb7+ 41.Nf3 Rg5 42.f7+ Kf8
43.Qe6 1-0

[Event "Campeonato de Aragón por Equipos 2008 "]
[Site "Aragón"]
[Date "2008.02.16"]
[Round "3.8"]
[White "Roche Simon Miguel Angel"]
[Black "Moreno Gracia Daniel"]
[Result "1/2-1/2"]
[WhiteElo "2087"]
[BlackElo "2188"]

1.e4 c5 2.Nf3 d6 3.d4 Nf6 4.Nc3 cxd4 5.Nxd4 e5 6.Nf3 Be7 7.Bc4 O-O 8.O-O Be6
9.Bb3 h6 10.Qd3 Qc8 11.Nd5 Bxd5 12.Bxd5 Nxd5 13.Qxd5 Nd7 14.Be3 Nf6 15.Qd3 d5
16.Nxe5 dxe4 17.Qe2 Qe6 18.Nc4 Rfc8 19.b3 b5 20.Nd2 Rxc2 21.Qxb5 Nd5 22.Nc4
Bf6 23.Rad1 Nxe3 24.Nxe3 Rxa2 25.Nc4 Bg5 26.Rd6 Qg4 27.Ne5 Qe2 28.Qd5 Rf8 29.
Nc4 Bf4 30.Rd8 Rxd8 31.Qxd8+ Kh7 32.g3 Bg5 33.Qd5 Qf3 34.Nd6 Rb2 35.Nxe4 Rxb3
36.Nxg5+ hxg5 37.Qxf3 Rxf3 38.Ra1 1/2-1/2

[Event "Campeonato de Aragón por Equipos 2008 "]
[Site "Aragón"]
[Date "2008.02.16"]
[Round "3.9"]
[White "Guetas Sanchez Hugo"]
[Black "Hefty Hilardo Jorge Walter"]
[Result "0-1"]
[WhiteElo "2159"]
[BlackElo "2340"]

1.e4 c5 2.d4 cxd4 3.c3 Nf6 4.e5 Nd5 5.Qxd4 e6 6.Nf3 Nc6 7.Qe4 d6 8.exd6 Bxd6
9.Nbd2 f5 10.Qc2 O-O 11.Nc4 Bc7 12.Bg5 Qe8 13.O-O-O Bd7 14.Ne3 Nb6 15.Nc4 e5
16.Be3 Be6 17.Na3 h6 18.h4 Rc8 19.Bc5 Rf6 20.g4 fxg4 21.Ng5 hxg5 22.hxg5 Rf5
23.Bd3 Qg6 24.f4 e4 25.Bxe4 Bxf4+ 26.Kb1 Qxg5 27.Rd6 Bxd6 28.Bxd6 Nd7 29.Nb5
Rxb5 30.Bh7+ Kf7 31.Rf1+ Nf6 32.c4 Nd4 33.Qe4 Rxc4 34.b3 Nxb3 35.Bg8+ Kxg8 36.
Qxe6+ Kh7 37.Rh1+ Kg6 0-1

[Event "Campeonato de Aragón por Equipos 2008 "]
[Site "Aragón"]
[Date "2008.02.16"]
[Round "3.10"]
[White "Aguirre Izaguirre Pedro Jose"]
[Black "Sig Vargas Marcos"]
[Result "0-1"]
[WhiteElo "2272"]
[BlackElo "2101"]

1.c4 f5 2.Nc3 Nf6 3.g3 g6 4.Bg2 Bg7 5.d3 O-O 6.e4 d6 7.Nge2 a6 8.O-O Nc6 9.Rb1
e5 10.Nd5 Nxd5 11.cxd5 Ne7 12.f4 c6 13.Be3 cxd5 14.exd5 Kh8 15.Qb3 b5 16.fxe5
Bxe5 17.Nd4 Qe8 18.Rbc1 g5 19.Ne6 Bxe6 20.dxe6 f4 21.d4 Bg7 22.gxf4 gxf4 23.
Bxf4 Bxd4+ 24.Kh1 Nf5 25.Qd5 Bxb2 26.Rc7 Qh5 27.Bxd6 Ng3+ 0-1

[Event "Campeonato de Aragón por Equipos 2008 "]
[Site "Aragón"]
[Date "2008.02.16"]
[Round "3.11"]
[White "Escuer Sanchez Nestor"]
[Black "Forcen Esteban Daniel"]
[Result "1/2-1/2"]
[WhiteElo "2084"]
[BlackElo "2138"]

1.d4 Nf6 2.g3 g6 3.Bg2 Bg7 4.Nf3 d5 5.O-O O-O 6.c4 c6 7.h3 Bf5 8.cxd5 Bxb1 9.
Rxb1 Nxd5 10.Qb3 Qb6 11.Qxb6 axb6 12.a3 b5 13.e4 Nb6 14.Bd2 Rd8 15.Bb4 e6 16.
Rfd1 N8d7 17.Ne1 f5 18.Nc2 fxe4 19.Bxe4 e5 20.dxe5 Nxe5 21.Rxd8+ Rxd8 22.Ne3
Nbc4 23.Nxc4 Nxc4 24.b3 Ne5 25.Bg2 Bf6 26.Bc5 Nd3 27.Bb6 Rd7 28.a4 bxa4 29.
bxa4 Nb2 30.a5 Nc4 31.Rb4 Nxb6 32.axb6 Be5 33.h4 Kg7 34.Bh3 Rf7 35.f4 Bd6 36.
Rb3 Bc5+ 37.Kh2 Re7 38.Bg2 Re8 39.Kh3 Rd8 40.Bf3 Kf6 41.h5 g5 42.fxg5+ Kxg5
43.Bg4 Rf8 44.Rd3 Rf7 45.Rb3 Rf8 46.Rd3 Rf7 47.Rb3 Rf8 1/2-1/2

[Event "Campeonato de Aragón por Equipos 2008 "]
[Site "Aragón"]
[Date "2008.02.16"]
[Round "3.12"]
[White "Antolin Concha Diego"]
[Black "Andreu Sin Raul"]
[Result "1-0"]
[WhiteElo "2055"]
[BlackElo "2045"]

1.e4 d5 2.exd5 Qxd5 3.Nc3 Qe5+ 4.Be2 c6 5.d4 Qc7 6.Nf3 Nf6 7.Bg5 Nbd7 8.O-O e6
9.Nd2 Bd6 10.g3 O-O 11.Nce4 Be7 12.Bd3 a6 13.c4 b6 14.Qc2 h6 15.Bf4 Qd8 16.c5
bxc5 17.dxc5 Nd5 18.Bd6 Nb4 19.Qc3 Nxd3 20.Bxe7 Qxe7 21.Qxd3 Nxc5 22.Qa3 f5
23.Qxc5 Qd8 24.Nd6 Bd7 25.f4 g5 26.N2c4 Rb8 27.b4 Kh7 28.Ne5 Rg8 29.Rad1 Be8
30.Nxf5 Qf6 31.Qe7+ Qxe7 32.Nxe7 Rg7 33.N5xc6 1-0

[Event "Campeonato de Aragón por Equipos 2008 "]
[Site "Aragón"]
[Date "2008.02.16"]
[Round "3.13"]
[White "Ramiro Ovejero Juan Luis"]
[Black "Colas Longares Rafael P"]
[Result "1/2-1/2"]
[WhiteElo "2330"]
[BlackElo "2328"]

1.e4 c5 2.Nf3 Nc6 3.Bb5 g6 4.Bxc6 dxc6 5.d3 Bg7 6.h3 Nf6 7.Nc3 O-O 8.Bf4 Nd7
9.Qd2 e5 10.Bh6 Qf6 11.Nh2 Re8 12.Bxg7 Qxg7 13.O-O Nf8 14.f4 exf4 15.Rxf4 Ne6
16.Rf2 Nd4 17.Raf1 f5 18.exf5 gxf5 19.Nf3 Bd7 20.Qf4 Nxf3+ 21.Rxf3 Qd4+ 22.Kh2
Qxf4+ 23.Rxf4 Re7 24.g4 fxg4 25.hxg4 Kg7 26.Ne4 b6 27.Kg3 Be6 28.Nf6 Bd5 29.
Kh4 Bf7 30.Ne4 Bg6 31.Ng3 Rd8 32.Nf5+ Bxf5 33.Rxf5 Rd6 34.R1f2 Rh6+ 35.Kg5 Rh3
1/2-1/2

[Event "Campeonato de Aragón por Equipos 2008 "]
[Site "Aragón"]
[Date "2008.02.16"]
[Round "3.14"]
[White "Garcia Vicente Nieves"]
[Black "Gil Capape MA"]
[Result "1/2-1/2"]
[WhiteElo "2219"]
[BlackElo "2185"]

1.d4 d5 2.c4 c6 3.Nf3 Nf6 4.Nc3 Bf5 5.cxd5 Nxd5 6.e3 e6 7.Be2 Bb4 8.Bd2 Nxc3
9.Bxc3 Bd6 10.b4 Nd7 11.Qb3 O-O 12.O-O Rc8 13.Rfe1 Bb8 14.Ne5 Qc7 15.f4 Nxe5
16.dxe5 Be4 17.Rad1 Rfd8 18.Bd4 Bd5 19.Qb1 b5 20.Bc5 a5 21.e4 Bc4 22.Bxc4 bxc4
23.Qc2 axb4 24.Qxc4 Ba7 25.Qxb4 Qe7 26.Rc1 Rb8 27.Qa5 Bxc5+ 28.Qxc5 Qxc5+ 29.
Rxc5 Rb2 30.Rxc6 h6 31.Rc3 Rdd2 32.Rg3 Rxa2 33.f5 Kh7 34.h3 Ra5 35.Rc1 exf5
36.e6 fxe4 37.exf7 Ra8 38.Rc7 Rf8 39.Re7 Rd1+ 40.Kf2 Rd6 41.Rxe4 Rxf7+ 42.Rf3
1/2-1/2

[Event "Campeonato de Aragón por Equipos 2008 "]
[Site "Aragón"]
[Date "2008.02.16"]
[Round "3.15"]
[White "Alonso Fernandez Revuelta Rodri"]
[Black "Ferrer Serrano Roberto"]
[Result "1/2-1/2"]
[WhiteElo "2138"]
[BlackElo "2203"]

1.e4 c5 2.Nf3 Nc6 3.d4 cxd4 4.Nxd4 Nf6 5.Nc3 e5 6.Ndb5 d6 7.a4 a6 8.Na3 Be7 9.
Bg5 Be6 10.Bc4 O-O 11.O-O Qb6 12.Bxf6 gxf6 13.Bxe6 fxe6 14.Qg4+ Kf7 15.Qh5+
Kg7 16.Qg4+ Kf7 17.Qh5+ 1/2-1/2

[Event "Campeonato de Aragón por Equipos 2008 "]
[Site "Aragón"]
[Date "2008.02.16"]
[Round "3.16"]
[White "Cabrera Moreno Daniel"]
[Black "Galvez Perez Jose Luis"]
[Result "1-0"]
[WhiteElo "2184"]
[BlackElo "2120"]

1.e4 d6 2.d4 Nf6 3.Nc3 g6 4.Bg5 Bg7 5.e5 Nfd7 6.exd6 cxd6 7.Qd2 Nc6 8.Nf3 h6
9.Be3 Nf6 10.d5 Nb8 11.O-O-O Nbd7 12.h3 a6 13.Nd4 Nc5 14.f3 Bd7 15.g4 h5 16.
Bg2 Rc8 17.Rhe1 b5 18.g5 Nh7 19.f4 b4 20.Ne4 Qa5 21.Kb1 Na4 22.Nb3 Qc7 23.Bd4
O-O 24.Bxg7 Kxg7 25.Qd4+ Kg8 26.Rd2 a5 27.Ng3 h4 28.Nf1 Rfe8 29.Ne3 Nc3+ 30.
bxc3 bxc3 31.Rd3 a4 32.Rc1 Bb5 33.Nc4 f6 34.Re3 Kg7 35.Rce1 axb3 36.Rxe7+ Rxe7
37.gxf6+ 1-0

[Event "Campeonato de Aragón por Equipos 2008 "]
[Site "Aragón"]
[Date "2008.02.16"]
[Round "3.17"]
[White "Del Rey Diego"]
[Black "Valiente JL"]
[Result "1-0"]
[WhiteElo "2382"]
[BlackElo "2134"]

1.d4 d5 2.Bg5 h6 3.Bh4 c6 4.Nf3 Nd7 5.e3 Qb6 6.b3 e5 7.Be2 e4 8.Nfd2 Ngf6 9.
O-O Bd6 10.Re1 Qc7 11.Nf1 g5 12.Bg3 h5 13.Bxd6 Qxd6 14.c4 Nf8 15.Nc3 Bf5 16.
cxd5 Nxd5 17.Nxd5 cxd5 18.Bxh5 Qh6 19.Bg4 Be6 20.Bxe6 Nxe6 21.Qg4 Qh7 22.Qg3
Ke7 23.Rac1 Rad8 24.Rc3 g4 25.Qe5 Rd7 26.Rec1 f6 27.Qg3 Rg8 28.Rc8 Rg7 29.Qb8
Kf7 30.Rh8 1-0

[Event "Campeonato de Aragón por Equipos 2008 "]
[Site "Aragón"]
[Date "2008.02.16"]
[Round "3.18"]
[White "Carruez Berges Santiago"]
[Black "Chueca Forcen Alberto"]
[Result "1/2-1/2"]
[WhiteElo "2106"]
[BlackElo "2283"]

1.Nf3 d5 2.g3 g6 3.c4 dxc4 4.Na3 Nf6 5.Nxc4 Bg7 6.Bg2 c6 7.O-O O-O 8.b3 Nbd7
9.Bb2 Nb6 10.Rc1 h6 11.a3 Nxc4 12.Rxc4 Be6 13.Rc1 Qb6 14.b4 Rfd8 15.Rb1 Ba2
16.Ra1 Bd5 17.Qc2 a5 18.Bd4 Qa6 19.Qb2 axb4 20.axb4 Qxe2 21.Rae1 Qc4 22.Rxe7
Bxf3 23.Bxf6 Bxg2 24.Kxg2 Ra2 25.Qe5 Qd5+ 26.Qxd5 Rxd5 27.Bxg7 Kxg7 28.Rxb7
Raxd2 29.Kf3 Rc2 30.Rb6 Rc3+ 31.Ke2 Rc2+ 32.Ke3 Rc3+ 33.Ke2 Rc2+ 34.Ke3
1/2-1/2

[Event "Campeonato de Aragón por Equipos 2008 "]
[Site "Aragón"]
[Date "2008.02.16"]
[Round "3.19"]
[White "Hernando Garcia Antonio"]
[Black "Larrosa Poves JM"]
[Result "1-0"]
[WhiteElo "2212"]
[BlackElo "2083"]

1.Nf3 g6 2.c4 Bg7 3.g3 c5 4.Nc3 Nc6 5.Bg2 e6 6.O-O Nge7 7.e3 O-O 8.d4 cxd4 9.
Nxd4 Nxd4 10.exd4 d5 11.cxd5 Nxd5 12.Nxd5 exd5 13.Be3 Qa5 14.Qb3 Be6 15.Rfc1
b6 16.Rc3 Rac8 17.Bf1 Rxc3 18.Qxc3 Qxc3 19.bxc3 Rc8 20.Bd2 Bf6 21.Bb5 Bd8 22.
Kf1 h5 23.h4 Rc7 24.Ke2 Bd7 25.Bxd7 Rxd7 26.Kd3 Rc7 27.Re1 Bf6 28.Bg5 Bxg5 29.
hxg5 Rc4 30.Re8+ Kg7 31.Kc2 Ra4 32.Kb3 Ra5 33.a4 Kh7 34.Kb4 Kg7 35.Re5 f5 36.
f4 Kf7 37.c4 dxc4 38.Rxa5 bxa5+ 39.Kxc4 1-0

[Event "Campeonato de Aragón por Equipos 2008 "]
[Site "Aragón"]
[Date "2008.02.16"]
[Round "3.20"]
[White "Fernandez Urrutia Gallo Carlos"]
[Black "Sanmartin Agustin Borja"]
[Result "1-0"]
[WhiteElo "2023"]
[BlackElo "2067"]

1.d4 Nf6 2.c4 c5 3.d5 e6 4.Nc3 exd5 5.cxd5 d6 6.e4 g6 7.Nf3 Bg7 8.Bd3 O-O 9.h3
Re8 10.O-O a6 11.a4 c4 12.Bc2 Nbd7 13.Bg5 Qc7 14.Re1 Rb8 15.Bf4 b5 16.axb5
axb5 17.Nd4 Ne5 18.Ndxb5 Qc5 19.Be3 Qb4 20.Ra4 Rxb5 21.Rxb4 Rxb4 22.Bc1 Ba6
23.f4 Nd3 24.Bxd3 cxd3 25.e5 Nh5 26.exd6 Rd8 27.Ne4 Bd4+ 28.Kh2 Nf6 29.Nxf6+
Bxf6 30.f5 Rxd6 31.Re8+ Kg7 32.Qd2 Rh4 33.g3 Rh5 34.g4 Rh4 35.Qb4 gxf5 36.Qxd6
Bb5 37.Rb8 fxg4 38.Rxb5 Rxh3+ 39.Kg2 Rf3 40.Qh2 1-0

[Event "Campeonato de Aragón por Equipos 2008 "]
[Site "Aragón"]
[Date "2008.02.16"]
[Round "3.21"]
[White "Lorenzini Martin"]
[Black "Martinez Catalin Francisco Javier"]
[Result "1-0"]
[WhiteElo "2448"]
[BlackElo "2247"]

1.e4 d5 2.exd5 Qxd5 3.Nc3 Qd8 4.d4 Nf6 5.Bc4 Bg4 6.f3 Bh5 7.g4 Bg6 8.Nge2 Nc6
9.a3 e6 10.Be3 Nd5 11.Bf2 Qf6 12.Nxd5 exd5 13.Bxd5 O-O-O 14.Be4 Ne5 15.Nc3
Bxe4 16.fxe4 Nf3+ 17.Kf1 Nxd4 18.Nd5 Qf3 19.Qxf3 Nxf3 20.Ke2 Ne5 21.h3 Bd6 22.
Raf1 Rhe8 23.Bd4 f6 24.Bxe5 Bxe5 25.c3 Rd7 26.Rd1 Red8 27.Rd3 c6 28.Nb4 a5 29.
Rxd7 Rxd7 30.Nd3 Re7 31.a4 Kc7 32.h4 b5 33.h5 Kb6 34.Ra1 c5 35.axb5 c4 36.Ne1
Bd6 37.Kf3 Re5 38.Nc2 Rxb5 39.Ne3 Kc5 40.Rd1 Be5 41.Rd5+ Kc6 42.Nxc4 Rxd5 43.
exd5+ Kxd5 44.Nxa5 Kc5 45.Ke4 Kb5 46.Nb3 1-0

[Event "Campeonato de Aragón por Equipos 2008 "]
[Site "Aragón"]
[Date "2008.02.16"]
[Round "3.22"]
[White "Pellicer Cemeli Jose Luis"]
[Black "Martinez Asensio Juan"]
[Result "0-1"]
[WhiteElo "2073"]
[BlackElo "2171"]

1.d4 Nf6 2.c4 c5 3.d5 b5 4.f3 bxc4 5.e4 d6 6.Bxc4 g6 7.Ne2 Bg7 8.O-O O-O 9.
Nec3 Nbd7 10.a4 Rb8 11.Na3 Nb6 12.Be2 a6 13.a5 Na8 14.Nc4 Nd7 15.Qc2 Nc7 16.
Be3 Nb5 17.Bd1 Nd4 18.Qf2 Ne5 19.Nxe5 Bxe5 20.Ra2 f5 21.Qd2 f4 22.Bf2 g5 23.
Bxd4 Bxd4+ 24.Kh1 Rf6 25.e5 dxe5 26.Ne4 Rh6 27.Nxg5 e6 28.Nh3 exd5 29.b3 Qh4
30.Rc2 Be6 31.Be2 Kf7 32.Bxa6 Bxh3 33.gxh3 Rxa6 34.Rxc5 Qxh3 35.Rc7+ Kg8 36.
Qe2 Rxa5 37.Rfc1 Rba8 0-1

[Event "Campeonato de Aragón por Equipos 2008 "]
[Site "Aragón"]
[Date "2008.02.16"]
[Round "3.23"]
[White "Dominguez Bujeda Jesus"]
[Black "Felez Casedas Carlos"]
[Result "1/2-1/2"]
[WhiteElo "2095"]
[BlackElo "1983"]

1.d4 d5 2.Nf3 Nf6 3.c4 dxc4 4.e3 e6 5.Bxc4 c5 6.Nc3 a6 7.O-O b5 8.Bb3 Bb7 9.
Qe2 Nc6 10.Rd1 Qc7 11.d5 Nxd5 12.Bxd5 exd5 13.Nxd5 Qb8 14.b3 Bd6 15.Bb2 Ne5
16.Ng5 O-O 17.Nxh7 Kxh7 18.Qh5+ Kg8 19.Bxe5 Bxd5 20.Bxd6 Qxd6 21.Qxd5 Qxd5 22.
Rxd5 Rfc8 23.Rc1 c4 24.bxc4 bxc4 25.g3 Rab8 26.Rc2 c3 27.Rd3 Rb2 28.Rcxc3 Rxc3
29.Rxc3 Rxa2 30.Rc8+ Kh7 31.Kg2 g5 32.Kf3 g4+ 33.Kxg4 Rxf2 34.h4 Rf6 35.Rc5
Rb6 36.Ra5 Kg6 37.Kf3 f6 38.g4 Re6 39.Kf4 Rb6 40.e4 Rc6 41.h5+ Kg7 42.e5 fxe5+
43.Rxe5 Rc1 44.Kg5 Rc7 45.Kf5 Ra7 46.Ra5 Kh6 47.Kf4 Rf7+ 48.Ke5 Ra7 49.Kf6 Ra8
50.g5+ Kxh5 51.g6+ Kh6 52.g7 Rb8 53.Rxa6 Kh7 54.Re6 Rb1 55.Re7 Rf1+ 1/2-1/2

[Event "Campeonato de Aragón por Equipos 2008 "]
[Site "Aragón"]
[Date "2008.02.16"]
[Round "3.24"]
[White "Fuentes Espuna Juan Antonio"]
[Black "Gomez Calomarde Saul"]
[Result "1/2-1/2"]
[WhiteElo "1867"]
[BlackElo "1932"]

1.d4 Nf6 2.c4 c5 3.d5 e5 4.Nc3 d6 5.e4 Be7 6.Bd3 h5 7.Nge2 Nbd7 8.Bd2 h4 9.h3
Nh5 10.Qc1 Nf8 11.Rf1 Ng6 12.f4 exf4 13.Nxf4 Ne5 14.Qc2 Ng3 15.Rf2 Nh1 16.Rf1
Ng3 17.Rf2 g5 18.Nfe2 g4 19.O-O-O gxh3 20.gxh3 Bxh3 21.Rh2 Qd7 22.Bf4 Rg8 23.
Nb5 Bg4 24.Bxe5 dxe5 25.d6 Bg5+ 26.Kb1 a6 27.Nc7+ Kf8 28.Nd5 1/2-1/2

[Event "Campeonato de Aragón por Equipos 2008 "]
[Site "Aragón"]
[Date "2008.02.16"]
[Round "3.25"]
[White "Villuendas Valero Adrian"]
[Black "Glaria Murillo Christian"]
[Result "1/2-1/2"]
[WhiteElo "2239"]
[BlackElo "2195"]

1.d4 Nf6 2.c4 c5 3.d5 e6 4.Nc3 exd5 5.cxd5 d6 6.g3 g6 7.Bg2 Bg7 8.Nf3 O-O 9.
O-O a6 10.a4 Re8 11.Nd2 Nbd7 12.a5 b5 13.axb6 Nxb6 14.Nb3 Nc4 15.Ra4 Nb6 16.
Ra2 Nc4 17.Qc2 Rb8 18.Nd2 Nxd2 19.Bxd2 Nd7 20.e4 Qb6 21.Rfa1 Ne5 22.Bc1 Qb3
23.Qxb3 Rxb3 24.Ra3 Rxa3 25.Rxa3 Nd3 26.Bf4 Nxf4 27.gxf4 f5 28.f3 Bh6 29.Bf1
Bxf4 30.Bxa6 Be5 31.Bb5 Rf8 32.Bd3 fxe4 33.Bxe4 Bf5 34.Kg2 Bxe4 35.Nxe4 Rb8
36.b3 Rb7 37.Nd2 Bf4 38.Nc4 Kg7 39.h4 h6 40.Ra6 Rxb3 41.Nxd6 Rb2+ 42.Kf1 Bxd6
43.Rxd6 Rd2 44.Ke1 Rd4 45.Ke2 Rxh4 46.Rc6 c4 47.Ke3 Kf7 48.f4 g5 49.Rxc4 gxf4+
50.Rxf4+ 1/2-1/2

[Event "Campeonato de Aragón por Equipos 2008 "]
[Site "Aragón"]
[Date "2008.02.16"]
[Round "3.26"]
[White "Garcia Ramon Ricardo1"]
[Black "Gimenez Martinez Alberto"]
[Result "0-1"]
[WhiteElo "2118"]
[BlackElo "2097"]

1.d4 Nf6 2.Bg5 e6 3.e4 h6 4.Bxf6 Qxf6 5.Nc3 d6 6.Nf3 Nc6 7.Bb5 Bd7 8.d5 Ne5 9.
Bxd7+ Nxd7 10.Qd4 Qxd4 11.Nxd4 exd5 12.exd5 O-O-O 13.O-O g6 14.Rad1 Bg7 15.
Rfe1 Rde8 16.Kf1 Nb6 17.Nde2 Re5 18.b3 Rhe8 19.Rd3 Nd7 20.Red1 Nc5 21.Rf3 R8e7
22.g3 Kd7 23.Nf4 Rf5 24.Kg2 Bxc3 25.Rxc3 g5 26.Nh3 Ree5 27.g4 Rxd5 28.gxf5
Rxd1 29.Re3 Rd5 30.f6 Re5 31.Rxe5 dxe5 32.f3 Ke6 33.Nf2 Kxf6 34.Ng4+ Ke6 35.
Nxh6 f5 36.Kg3 e4 37.fxe4 Nxe4+ 38.Kf3 Nd6 39.Kg3 Kf6 40.h4 g4 41.Nxg4+ fxg4
42.Kxg4 Nf5 43.c3 Ne3+ 44.Kf3 Nf5 45.Kg4 Ke5 46.h5 Kf6 47.Kf4 Nh6 48.Ke4 Ke6
49.Kf4 Nf7 50.Ke4 c6 51.c4 Kf6 52.a4 Kg5 53.a5 Kxh5 54.Kf5 Ng5 55.Ke5 Nf3+ 56.
Kd6 Nd2 57.a6 bxa6 58.Kxc6 Nxb3 59.c5 Kg5 60.Kd5 Kf6 61.Kd6 Nd4 62.Kd5 Nb5 63.
Kc6 Ke7 64.Kb7 a5 65.Ka6 a4 0-1